000
00297nam a22001457a 4500
020
_a
0-7214-0753
082
_a
823
_b
WOD/D
100
_a
WOODMAN, JUNE
245
_a
DENNIS THE DRAGON
250
_a
1
260
_a
UK
_b
LADYBIRD
300
_a
51
650
_a
ENGLISH SHORT STORY
_z
UK
942
_c
BK
999
_c
3975
_d
3975